000
00329nam a2200145Ia 4500
005
20260328104329.0
008
260328s9999||||xx |||||||||||||| ||und||
100
_a
Speck, Jeff
245
0
_a
Walkable City Rules /
_c
Jeff Speck
250
_a
5a ed.
260
_b
Island
300
_a
312 p.
650
_a
URBANISMO
942
_c
BK
999
_c
11639
_d
11639